(NEW) Name to Tag - Statistics

General Stats
  • This quiz has been taken 134 times
  • The average score is 16 of 25
Answer Stats
Real Name In-game Name % Correct
Tyson Ngo TenZ
93%
Ardis Svarenieks ardiis
92%
Victor Wong Victor
92%
Benjamin David Fish benjyfishy
91%
Jordan Montemurro Zellsis
88%
Austin Roberts crashies
87%
Sam Oh s0m
86%
Jason Susanto f0rsakeN
83%
Jake Howlett Boaster
78%
Erick Santos aspas
73%
Maximilian Mazanov Demon1
73%
Gustavo Henrique Rossi da Silva Sacy
73%
Zachary Jude Patrone Zekken
69%
Dominykas Lukaševičius MiniBoo
64%
Jaccob Whiteaker Yay
61%
Ričardas Lukaševičius Boo
58%
Ayaz Akhmetshin nAts
58%
Shahzeb Asghar Khan ShahZaM
58%
Nikita Sirmitev Derke
48%
Yassine Taoufik Subroza
47%
Emir Ali Beder alfajer
44%
Adil Benrlitom ScreaM
36%
Nabil Benrlitom Nivera
31%
Óscar Cañellas Colocho Mixwell
18%
Bogdan Naumov Sheydos
17%
No matching quizzes found
Score Distribution
Percent of People with Each Score
Percentile by Number Answered
Your Score History
You have not taken this quiz